000 00688nam a2200193Ii 4500
003 JO-AjNU
008 230605s9999||||xx |||||||||||||| ||und||
040 _aJO-AjNU
_bara
_erda
_cJO-AjNU
041 _aara
050 1 4 _aPJ7515 .T3364 1987
100 3 _a الطاهر، علي جواد، 1919- 1996,
_eauthor
_939221
245 0 0 _aأساتذتي ومقالات أخرى
264 3 1 _aبغداد: دار الشؤون الثقافية العامة،1987
300 _a403ص
336 _atext
_btxt
_2rdacontent
337 _aunmediated
_bn
_2rdamedia
338 _avolume
_bnc
_2rdacarrier
650 4 _a الأدب العربي -- العراق -- مقالات ومحاضرات
_939222
999 _aA16546
_c20114
_d20114